All American Show Quiz - Statistics

General Stats
  • This quiz has been taken 137 times
  • The average score is 7 of 15
Answer Stats
Hint Answer % Correct
What is the name of the popular cafe frequently visited in South Crenshaw? Slauson Cafe
66%
Which character struggles with addiction and goes to rehab? Olivia Baker
63%
Who originally starts as Spencer's biggest rival at Beverly but later becomes one of his closest friends? Asher Adams
60%
Which character had a secret music talent before revealing it to their friends? Coop
60%
Who is Jordan Baker's best friend that he originally wanted to get rid of? Spencer James
59%
What does Coop want to pursue as a career after she gets shot? Law
55%
Which real-life NFL player is the show inspired by? Spencer Paysinger
52%
Who becomes a coach for South Crenshaw High after they graduate from college? Jordan Baker
49%
What is the name of the college that Spencer plays football for? Golden Angeles University
46%
Who does Jordan marry in a spur-of-the-moment wedding? Simone Hicks
36%
What is the name of Olivia Baker's podcast? Liv the Truth
34%
What major injury threatens Asher's football career? Cardiomyopathy
33%
Why did Corey James leave his family? Grace and Billy's affair
26%
What is the name of the team Beverly Hills High plays against in the biggest rivalry game? South Crenshaw High
19%
What causes Spencer to temporarily quit football? Shoulder injury
6%
No matching quizzes found
Score Distribution
Percent of People with Each Score
Percentile by Number Answered
Your Score History
You have not taken this quiz